000 00487nam a2200205Ia 4500
003 OSt
005 20260108163140.0
008 210210b2018 xxu||||| |||| 00| 0 eng d
020 _a9788120707320
040 _cAL
041 _aeng
082 _a157 MANA
100 _aMangal S K
_9250791
245 _aAbnormal psychology
260 _aNew Delhi
_bSterlilng Publishers Pvt Ltd
_c2018
300 _axii,267
650 _apsychology
_9250792
906 _a074113
942 _2ddc
_cBK
999 _c123868
_d123868